000 00420nam a22001577a 4500
003 OSt
005 20220930164141.0
008 220930b |||||||| |||| 00| 0 eng d
040 _cBiblioteca Lado V
082 _a731.2
_bG898n
110 _946
_aJoan Guaita Edicions
245 _aNoves Edicions/
260 _bImpremta Muro
_c2000
300 _a60p.
_c23x28cm
942 _2ddc
_c1
_h731.2
_iG898n
_n0
999 _c2157
_d2157